000 00582nam a22002177a 4500
003 UA-OsUOA
001 123491
007 ta
008 20170619b un ||||| |||| 00| 0 ukr d
100 _aВилегжаніна Т.
090 _a02
_bВ44
942 _cSA
040 _aUA-OsUOA
_bukr
_cUA-OsUOA
_dUA-OsUOA
245 _aМетодична діяльність бібліотек у віртуальному просторі
300 _aС.4-6
955 _a0
041 _aukr
080 _a02
773 0 _w123490
650 7 _a02 Бібліотечна справа
_2UDC
999 _c410547
_d410547